000 00836nam a22002297a 4500
999 _c16267
_d16267
003 AR-CdUCM
008 190502b ||||| |||| 00| 0 spa d
040 _aMUNICIPALIDAD PROVINCIAL DEL CUSCO
_cBIBLIOTECA MUNICIPAL DEL CUSCO
082 _22ed.
_a863.609 /
_bN82
100 _aNora, Eugenio G. de
_935612
245 _aLa novela española contemporánea (1898) /
260 _aMadrid :
_bGreedos,
_c1963.
300 _a622 páginas ;
_c20.5 cm.
440 _aBiblioteca romántica hispánica ;
_n2
_935613
505 _aContenido: La novela agónica de Unamuno -- Valle inclán como novelista -- Pio baroja -- El arte descriptivo de Azorin ...
650 _aNovela española
_9192
650 _aHistoria y crítica
_95993
650 _aSiglo XX.
_98
650 _aLiteratos
_9754
942 _2ddc
_cLIBROS
945 _aacv
_d2019-05-02